Anh đom đóm Tập thơ chọn lọc
Na minha lista:
| Autor principal: | |
|---|---|
| Formato: | Livro |
| Idioma: | Vietnamese |
| Publicado em: |
Hà Nội
Kim đồng
2000
|
| Assuntos: | |
| Tags: |
Adicionar Tag
Sem tags, seja o primeiro a adicionar uma tag!
|
| Thư viện lưu trữ: | Trung tâm Học liệu Lê Vũ Hùng, Trường Đại học Đồng Tháp |
|---|
| LEADER | 00760aam a22002418a 4500 | ||
|---|---|---|---|
| 001 | 00044071 | ||
| 005 | 20190417080440.0 | ||
| 008 | 140604s2013 ||||||viesd | ||
| 020 | # | # | |c 11000 |
| 041 | 0 | # | |a vie |
| 082 | 1 | # | |a 895.922 134 |b A107Đ |
| 100 | 1 | # | |a Ngô, Bá Thảo |
| 245 | 1 | 0 | |c Ngô Bá Thảo |a Anh đom đóm |b Tập thơ chọn lọc |
| 260 | # | # | |a Hà Nội |b Kim đồng |c 2000 |
| 300 | # | # | |a 96 tr. |c 27 cm. |
| 653 | # | # | |a Thiếu nhi |
| 653 | # | # | |a Thơ |
| 653 | # | # | |a Việt Nam |
| 653 | # | # | |a Văn học |
| 653 | # | # | |a Văn học hiện đại |
| 852 | # | # | |j KM.0029512 |j KM.0029511 |j KD.0025693 |j KM.0029510 |j KM.0029509 |
| 910 | 0 | # | |d 17/4/2019 |
| 980 | # | # | |a Trung tâm Học liệu Lê Vũ Hùng, Trường Đại học Đồng Tháp |